Theory of machines and mechanisms
Zapisane w:
| 1. autor: | |
|---|---|
| Format: | Książka |
| Język: | Undetermined |
| Wydane: |
London
McGraw-Hill International Book Company
1980
|
| Hasła przedmiotowe: | |
| Etykiety: |
Dodaj etykietę
Nie ma etykietki, Dołącz pierwszą etykiete!
|
| Thư viện lưu trữ: | Trung tâm Học liệu Trường Đại học Cần Thơ |
|---|
| LEADER | 00619nam a2200205Ia 4500 | ||
|---|---|---|---|
| 001 | CTU_80843 | ||
| 008 | 210402s9999 xx 000 0 und d | ||
| 082 | |a 621.8 | ||
| 082 | |b S555 | ||
| 100 | |a Shigley, Joseph Edward | ||
| 245 | 0 | |a Theory of machines and mechanisms | |
| 245 | 0 | |c Joseph Edward Shigley, John oseph Uicker | |
| 260 | |a London | ||
| 260 | |b McGraw-Hill International Book Company | ||
| 260 | |c 1980 | ||
| 526 | |a Cơ học máy,Cơ học máy | ||
| 526 | |b SP193,CN142 | ||
| 650 | |a Mechanical engineering | ||
| 904 | |i Trọng Hải | ||
| 980 | |a Trung tâm Học liệu Trường Đại học Cần Thơ | ||